000 00644nam a2200205Ia 4500
003 GCL
008 140319s9999 xx 000 0 ara d
040 _aGCL /
_cGCL
082 0 4 _a217.9
_bر ا
100 1 _aريتشارد هريرد كميجان
245 1 0 _aالاصوليا فى العالم العربى /
_cريتشارد هريرد كميجان
700 1 _aعبدالوارث سعيد
260 _a[S.N] :
_bدار الوفاء للطباعة والنشر والتوزيع ،
_c1985
300 _a307 ص
490 _a
650 0 4 _aمصر
650 0 4 _aالاسلام
650 0 4 _aدعوات سلفية
942 _2ddc
_cBK
999 _c54418
_d54418